00445nam a22001337a 450000500170000002000260001703500130004303700130005608200100006924500950007926000390017427000600021330000380027320170427101111.0 a9789351448419c945.00 aB-665218 bDBAD/PUB a621.8 aGATE 2017 graduate aptitude test in engineering: cby Gateforumbmachanical engineering / aNoidabMcGraw Hill Educationc2017 aB-4, Sector-63, Dist. Gautam Budh Nagar bNoidae201301 avarious pagings :c25cm(pbk)bill